000 00799nam a2200265Ia 4500
003 OSt
005 20221005062350.0
006 a|||||r|||| 00| 0
007 ta
008 221004b |||||||| |||| 00| 0 eng d
020 _a9781138286412 (hbk)
_cUKP 115.00
024 _a43817
037 _b403, 18/03/2019, Vimal Book Distribtors
_cTextual
040 _aCRL
_cCRL
_beng
041 _2eng
_aeng
082 _aQ2:22:g(Y15), Q9
100 _aSaxena Monika Au.
_9599489
245 0 _aWomen and the puanic tradition in India
260 _aLondon
_bRoutledge UK
_c2019
300 _axiv,288p.
_ccm.
650 _a WOMEN
650 _aVEDAS
942 _hQ2:22:g(Y15), Q9
_cTEXL
_2cc
999 _c969588
_d969588